<?xml version="1.0" encoding="UTF-8"?>
<record
    xmlns:xsi="http://www.w3.org/2001/XMLSchema-instance"
    xsi:schemaLocation="http://www.loc.gov/MARC21/slim http://www.loc.gov/standards/marcxml/schema/MARC21slim.xsd"
    xmlns="http://www.loc.gov/MARC21/slim">

  <leader>00700nam a22001817a 4500</leader>
  <controlfield tag="003">AUA.1</controlfield>
  <controlfield tag="005">20130813154702.0</controlfield>
  <controlfield tag="008">130813t        xxu||||| |||| 00| 0 eng d</controlfield>
  <datafield tag="040" ind1=" " ind2=" ">
    <subfield code="c">.</subfield>
  </datafield>
  <datafield tag="050" ind1=" " ind2=" ">
    <subfield code="a">Diss</subfield>
    <subfield code="b">.O34 2011</subfield>
  </datafield>
  <datafield tag="100" ind1=" " ind2=" ">
    <subfield code="a">Odek, Rabach Symon</subfield>
    <subfield code="9">37961</subfield>
  </datafield>
  <datafield tag="245" ind1=" " ind2=" ">
    <subfield code="a">The significance of the statement erchomai tachy in the book of Revelation</subfield>
    <subfield code="c">Rabach Symon Odek</subfield>
  </datafield>
  <datafield tag="260" ind1=" " ind2=" ">
    <subfield code="c">2011</subfield>
  </datafield>
  <datafield tag="300" ind1="x" ind2=" ">
    <subfield code="a">xiii, 378 p.</subfield>
    <subfield code="c">24 cm.</subfield>
  </datafield>
  <datafield tag="650" ind1=" " ind2=" ">
    <subfield code="a">'"EPXOMAI TAXY"</subfield>
    <subfield code="x">Revelation</subfield>
    <subfield code="9">37962</subfield>
  </datafield>
  <datafield tag="942" ind1=" " ind2=" ">
    <subfield code="2">aua</subfield>
    <subfield code="c">DISS</subfield>
    <subfield code="h">Diss</subfield>
    <subfield code="i">.O34 2011</subfield>
  </datafield>
  <datafield tag="999" ind1=" " ind2=" ">
    <subfield code="c">10630</subfield>
    <subfield code="d">10630</subfield>
  </datafield>
  <datafield tag="952" ind1=" " ind2=" ">
    <subfield code="0">0</subfield>
    <subfield code="1">0</subfield>
    <subfield code="2">lcc</subfield>
    <subfield code="4">0</subfield>
    <subfield code="7">0</subfield>
    <subfield code="8">DISS</subfield>
    <subfield code="a">AUA.1</subfield>
    <subfield code="b">AUA.1</subfield>
    <subfield code="c">RESC</subfield>
    <subfield code="d">2013-08-13</subfield>
    <subfield code="h">13696</subfield>
    <subfield code="l">1</subfield>
    <subfield code="o">Diss .O34 2011</subfield>
    <subfield code="p">AUA013645</subfield>
    <subfield code="r">2016-09-15 00:00:00</subfield>
    <subfield code="s">2016-09-14</subfield>
    <subfield code="v">25.00</subfield>
    <subfield code="w">2013-08-13</subfield>
    <subfield code="y">DISS</subfield>
  </datafield>
</record>
